000 00474nam a2200181Ia 4500
005 20250317131036.0
008 008 250317s9999 xx 000 0 eng d
037 _aTextbook
040 _aFMSL
_beng
_cFMSL
041 _aeng
_2eng
084 _qFMSL
100 _aGanguli S
_947767
245 0 _aHuman Engineering for better management
260 _aKwality
_bKwality, book Co.
_c1977
300 _a118p
942 _cTB
999 _c1266424
_d1266424